Nếu em muốn đá bóng giỏi /
שמור ב:
| מחבר ראשי: | |
|---|---|
| מחברים אחרים: | , |
| פורמט: | Sách giấy |
| שפה: | Vietnamese |
| יצא לאור: |
H. :
Thể dục thể thao,
1978.
|
| תגים: |
הוספת תג
אין תגיות, היה/י הראשונ/ה לתייג את הרשומה!
|
| Thư viện lưu trữ: | Thư viện Trường Đại học Đà Lạt |
|---|
| LEADER | 00743nam a2200301 4500 | ||
|---|---|---|---|
| 001 | DLU140163252 | ||
| 005 | ##20140818 | ||
| 040 | # | # | |a DLU |b vie |
| 041 | # | # | |a vie |
| 044 | # | # | |a vn |
| 082 | # | # | |a 796.334 |b RO-N |
| 100 | # | # | |a Rôganxki, N. |
| 245 | # | # | |a Nếu em muốn đá bóng giỏi / |c N. Rôganxki, E. G. Degen; Đặng Bảo Ngọc dịch. |
| 260 | # | # | |a H. : |b Thể dục thể thao, |c 1978. |
| 300 | # | # | |a 165 tr. ; |c 19 cm. |
| 700 | # | # | |a Đặng Bảo Ngọc, |e dịch. |
| 700 | # | # | |a Degen, E. G. |
| 923 | # | # | |a TL |
| 991 | # | # | |a SH |
| 992 | # | # | |a 10,50 |
| 994 | # | # | |a DLU |
| 900 | # | # | |a True |
| 911 | # | # | |a Nguyễn Thị Tưởng |
| 925 | # | # | |a G |
| 926 | # | # | |a A |
| 927 | # | # | |a SH |
| 980 | # | # | |a Thư viện Trường Đại học Đà Lạt |